Movies Quiz

Random Movies or Actress Quiz

Buddy Movies Quiz Stats

Quiz Updated Sep 11, 2017

Also try: Movie Twosomes
Challenge
Share
Tweet
Embed
Score 0/70 Timer 10:00
3 Plays Today
% Correct
Jackie Chan
84.8%
Brad Pitt
84.2%
Mel Gibson
81%
Will Smith
80.6%
Denzel Washington
75.3%
Adam Sandler
74.9%
Steve Martin
74.7%
Owen Wilson
73.6%
Morgan Freeman
71.2%
Danny Glover
69.5%
John Candy
69.5%
Eddie Murphy
66.1%
Susan Sarandon
64.8%
Martin Lawrence
64.6%
Will Ferrell
64.4%
Paul Rudd
62.2%
Bill Murray
62%
Geena Davis
60.8%
Jack Lemmon
57.9%
Kevin James
57.5%
Paul Newman
57.1%
Mark Wahlberg
57%
Robert Redford
56%
Robert Downey, Jr.
55%
Bruce Willis
54.7%
Nick Nolte
54.1%
Walter Matthau
53%
Matt Damon
52.8%
Jonah Hill
52.3%
Bette Midler
52%
Michael Cera
51.7%
Lisa Kudrow
51.2%
Vince Vaughn
49.8%
Ethan Hawke
47.7%
Nicolas Cage
46%
% Correct
Colin Farrell
44.5%
Jamie Foxx
43.7%
Simon Pegg
43.6%
Sandra Bullock
41.7%
Jason Segel
40.7%
Zach Galifianakis
40%
Kal Penn
37.5%
Edward Norton
36.4%
Nicole Kidman
36.2%
Robert De Niro
35.5%
Emilio Estevez
30.6%
Richard Pryor
30.3%
Gene Wilder
29.9%
Jon Favreau
29.6%
Mira Sorvino
29.5%
Bob Hope
29.2%
Damon Wayans
28.9%
Harold Ramis
28.3%
Bing Crosby
28%
Richard Dreyfuss
26.6%
John Cho
26.5%
Nick Frost
24.3%
Barbara Hershey
21%
Andrew McCarthy
20.2%
Charles Grodin
17.8%
Billy Crystal
17.6%
Sean Connery
17.6%
Oliver Hardy
16.7%
Stan Laurel
16.6%
Jonathan Silverman
15.3%
Michael Caine
15%
Gregory Hines
14.2%
Sidney Poitier
12.4%
Tony Curtis
12%
Sam Rockwell
11.6%

You're not logged in!

Compare scores with friends on all Sporcle quizzes.
Sign Up with Email
OR
Log In

You Might Also Like...

Show Comments

Extras

Top Quizzes Today


Score Distribution

Your Account Isn't Verified!

In order to create a playlist on Sporcle, you need to verify the email address you used during registration. Go to your Sporcle Settings to finish the process.